Giáo trình thống kê môi trường

Nội dung sách gồm: Những vấn đề chung của thống kê môi trường; phân tích thống kê môi trường; thống kê trong các doanh nghiệp môi trường; hệ thống tài khoản kinh tế và môi trường.

में बचाया:
ग्रंथसूची विवरण
मुख्य लेखक: Phan, Công Nghĩa
स्वरूप: पुस्तक
भाषा:Undetermined
प्रकाशित: Hà Nội Đại học Kinh tế quốc dân 2007
विषय:
टैग : टैग जोड़ें
कोई टैग नहीं, इस रिकॉर्ड को टैग करने वाले पहले व्यक्ति बनें!
Thư viện lưu trữ: Trung tâm Học liệu Trường Đại học Cần Thơ
LEADER 00891nam a2200205Ia 4500
001 CTU_148464
008 210402s9999 xx 000 0 und d
020 |c 50000 
082 |a 363.700212 
082 |b Ngh301 
100 |a Phan, Công Nghĩa 
245 0 |a Giáo trình thống kê môi trường 
245 0 |c Phan Công Nghĩa 
260 |a Hà Nội 
260 |b Đại học Kinh tế quốc dân 
260 |c 2007 
520 |a Nội dung sách gồm: Những vấn đề chung của thống kê môi trường; phân tích thống kê môi trường; thống kê trong các doanh nghiệp môi trường; hệ thống tài khoản kinh tế và môi trường. 
650 |a Environmental,Môi trường 
650 |x Statistics,Thống kê 
980 |a Trung tâm Học liệu Trường Đại học Cần Thơ